101 Inspring stories : (Record no. 283326)
[ view plain ]
| 000 -LEADER | |
|---|---|
| fixed length control field | 00404nam a2200121Ia 4500 |
| 008 - FIXED-LENGTH DATA ELEMENTS--GENERAL INFORMATION | |
| fixed length control field | 150223s9999 xx 000 0 und d |
| 020 ## - INTERNATIONAL STANDARD BOOK NUMBER | |
| International Standard Book Number | 9788184950281 |
| 050 ## - LIBRARY OF CONGRESS CALL NUMBER | |
| Classification number | CD 11760 |
| Item number | .X3 2009 |
| 100 ## - MAIN ENTRY--PERSONAL NAME | |
| Personal name | Xavier, G. Francis. |
| 245 ## - TITLE STATEMENT | |
| Title | 101 Inspring stories : |
| Remainder of title | principles for successful living / |
| Statement of responsibility, etc | G. Francis Xavier. |
| 260 ## - PUBLICATION, DISTRIBUTION, ETC. (IMPRINT) | |
| Place of publication, distribution, etc | Mumbai, India: |
| Name of publisher, distributor, etc | Jaico Publishing House, |
| Date of publication, distribution, etc | 2009 |
| 300 ## - PHYSICAL DESCRIPTION | |
| Extent | 188 pages : |
| Dimensions | 22 cm. |
No items available.